000 00764cam a2200229 a 4500
001 000006539
005 20250429112051.0
008 830823s1963 sp ab 000 0 spa
035 _a(DLC) 66082799
040 _aDO-SdBNP
_cCarP
_dDLC
_dBNPHU
082 _a930
_bG216h
100 1 _aGarcía Cordero, Maximiliano.
_918156
245 1 4 _aLas huellas de las antiguas civilizaciones :
_bvisión sintética de las culturas orientales /
_cMaximiliano García Cordero.
260 _aSalamanca, (España) :
_b[San Esteban],
_c1963.
300 _a312 p. :
_bil., maps. ;
_c21 cm.
490 1 _aAgnus
650 0 _aCivilización antigua
_918157
650 0 _aHistoria antigua
_918158
830 0 _aAgnus.
_918159
910 _aCatalogación por copia / LC
049 _aBNGR
999 _c6330
_d6330